Svět jakosti

Enregistré dans:
Détails bibliographiques
Format: Publication en série
Langue:tchèque
Publié: České Budějovice Bartoň QSV 2002
Sujets:
Tags: Ajouter un tag
Pas de tags, Soyez le premier à ajouter un tag!

MARC

LEADER 00000nas2a22000001 4500
001 0039516
005 20060306130714.6
022 |a 1211-2011 
041 0 |a cze 
044 |a CZ 
245 1 0 |a Svět jakosti 
264 1 |a České Budějovice  |b Bartoň QSV  |c 2002 
773 0 |w eu_un_cat*s120029 
610 2 0 |a kvalita 
610 2 0 |a riadenie kvality